Ekonomická fakulta TU v Košiciach

Podrobná bibliografia
Korporatívny autor: Technická univerzita v Košiciach. Ekonomická fakulta (Autor)
Médium: Článok
Jazyk:slovenčina
ISSN:1335-4566
Predmet:

MARC

LEADER 00000nab a2200000 a 4500
001 vtls000933703
003 SK-MaSNL
005 20260304183215.0
008 040720e20040717xo 0 slo
035 |a KE42580 
040 |a KEVKJB  |b slo  |c KEVKJB  |e AACR2 
041 0 |a slo 
044 |a xo  |c SK 
080 |a 378.4  |2 1981 
245 0 0 |a Ekonomická fakulta TU v Košiciach 
610 2 7 |a Technická univerzita v Košiciach.  |b Ekonomická fakulta  |2 KEVKJB  |9 125914 
650 0 7 |a dejiny  |2 KEVKJB  |9 3825 
650 0 7 |a študijné odbory  |2 KEVKJB  |9 68762 
650 0 7 |a spolupráca zahraničná  |2 KEVKJB  |9 878198 
650 0 7 |a absolventi škôl  |2 KEVKJB  |9 2782 
650 0 7 |a uplatnenie  |2 KEVKJB  |9 877778 
651 7 |a Košice (Slovensko)  |2 KEVKJB  |9 18694 
651 7 |a KE,  |2 KEVKJB  |9 877256 
655 7 |a periodikum  |2 snkbucl  |9 29553 
710 2 |a Technická univerzita v Košiciach.  |b Ekonomická fakulta  |4 aut  |9 125914 
773 0 8 |t Košický denník Korzár  |g Roč. 7, č.164, 17.7.2004, s. 8  |x 1335-4566 
852 |a ZVYKNI  |b KIS3GCP 
999 |c 3033749  |d 3035679